| 000 | 00792nac a22001811u 4500 | ||
|---|---|---|---|
| 008 | 080818s ua|||||r|||| 001 0 ara d | ||
| 082 |
_a100 _bد ي و |
||
| 245 |
_a/مباهج الحياة _cتاليف ول ديورانت؛ تقديم ابراهيم بيومى مدكور؛ ترجمة احمد فؤاد الإهواني |
||
| 260 |
_aالقاهرة: _bمكتبة الانجلو المصرية 1955-1956 _c1955-1956. |
||
| 300 |
_a303، 324 ص ؛ _c24 سم |
||
| 500 | _aيشتمل على كشاف | ||
| 500 | _aترجمة لكتاب: part 1 of "Pleasures Of Philosophy" / Will Durant. 1953 | ||
| 504 | _aببليوجرافية: ص309-315 | ||
| 511 | _aCatalogued by: Sara | ||
| 541 |
_aألف باء؛ _cشراء؛ |
||
| 650 |
_aالفلسفة _916209 |
||
| 942 |
_cBB _k100د ي و _2ddc |
||
| 999 |
_c5786 _d5786 |
||